Методы стратиграфических и палеонтологических исследований: электронный курс
| المؤلف الرئيسي: | |
|---|---|
| مؤلف مشترك: | |
| الملخص: | Заглавие с экрана В последнее время в практике геологоразведочных работ и при разработке нефтегазовых месторождений возрастает роль и значимость прямых методов, при жестком биостратиграфическом контроле. Доступ по логину и паролю |
| اللغة: | الروسية |
| منشور في: |
Томск, TPU Moodle, 2017
|
| الموضوعات: | |
| الوصول للمادة أونلاين: | https://design.lms.tpu.ru/course/view.php?id=1996 |
| التنسيق: | MixedMaterials الكتروني كتاب |
| KOHA link: | https://koha.lib.tpu.ru/cgi-bin/koha/opac-detail.pl?biblionumber=667044 |
MARC
| LEADER | 00000nlm0a2200000 4500 | ||
|---|---|---|---|
| 001 | 667044 | ||
| 005 | 20240207111828.0 | ||
| 035 | |a (RuTPU)RU\TPU\network\38248 | ||
| 035 | |a RU\TPU\network\17412 | ||
| 090 | |a 667044 | ||
| 100 | |a 20220218d2017 m y0rusy50 ca | ||
| 101 | 0 | |a rus | |
| 102 | |a RU | ||
| 105 | |a a j 000zy | ||
| 135 | |a jrcn ---uucaa | ||
| 181 | 0 | |a i | |
| 182 | 0 | |a b | |
| 200 | 1 | |a Методы стратиграфических и палеонтологических исследований |e электронный курс |f И. В. Рычкова |g Национальный исследовательский Томский политехнический университет. Институт природных ресурсов. Кафедра геологии и разведки полезных ископаемых | |
| 203 | |a Текст |c электронный | ||
| 210 | |a Томск |c TPU Moodle |d 2017 | ||
| 300 | |a Заглавие с экрана | ||
| 330 | |a В последнее время в практике геологоразведочных работ и при разработке нефтегазовых месторождений возрастает роль и значимость прямых методов, при жестком биостратиграфическом контроле. | ||
| 333 | |a Доступ по логину и паролю | ||
| 606 | 1 | |a Нефтегазоносность |x Поиски и разведка |x Палеогеографический метод |2 stltpush |3 (RuTPU)RU\TPU\subj\45615 |9 64808 | |
| 610 | 1 | |a электронный ресурс | |
| 610 | 1 | |a труды учёных ТПУ | |
| 610 | 1 | |a электронное обучение | |
| 610 | 1 | |a электронные курсы ТПУ | |
| 610 | 1 | |a окаменелость | |
| 610 | 1 | |a стратиграфия | |
| 610 | 1 | |a геотектоника | |
| 610 | 1 | |a электронные учебные пособия | |
| 610 | 1 | |a стратиграфическая шкала | |
| 610 | 1 | |a геохронологическая шкала | |
| 675 | |a 553.98:550.86(075.8) |v 3 | ||
| 700 | 1 | |a Рычкова |b И. В. |c геолог |c доцент Томского политехнического университета, инженер, кандидат геолого-минералогических наук |f 1967- |g Ирина Владимировна |3 (RuTPU)RU\TPU\pers\24801 |9 11016 | |
| 712 | 0 | 2 | |a Национальный исследовательский Томский политехнический университет |b Институт природных ресурсов |b Кафедра геологии и разведки полезных ископаемых |3 (RuTPU)RU\TPU\col\18660 |
| 801 | 2 | |a RU |b 63413507 |c 20220628 |g RCR | |
| 856 | 4 | |u https://design.lms.tpu.ru/course/view.php?id=1996 | |
| 942 | |c CF | ||